Exposición dirigida al Excmo. Sr. Ministro de Marina por la Sociedad Fomento de la Pesca, de Barcelona, pidiendo la creación de guarda pescas
Descripción Física:
[3] p. ; 32 cm
Materias:
Litoral -- Protecció -- Barcelona
MARC
| LEADER | 00000nam a2200000Ia 4500 | ||
|---|---|---|---|
| 001 | 20769 | ||
| 003 | BGR | ||
| 005 | 20260324180146.0 | ||
| 008 | 160829s1901 xx 000 0 cat d | ||
| 080 | |a 1946, exp. 2 | ||
| 245 | |a Exposición dirigida al Excmo. Sr. Ministro de Marina por la Sociedad Fomento de la Pesca, de Barcelona, pidiendo la creación de guarda pescas | ||
| 260 | |a Barcelona : |b [s.n.], |c 1901 | ||
| 300 | |a [3] p. ; |c 32 cm | ||
| 650 | |a Litoral |x Protecció |x Barcelona |9 48138 | ||
| 710 | 2 | |a Fomento de la Pesca |9 70894 | |
| 901 | |a Arxiu | ||
| 942 | |n 1 |2 udc |c MON | ||
| 952 | |0 0 |1 0 |4 0 |6 1946_EXP_2 |7 1 |9 54347 |a Arxiu |b Arxiu |d 2016-12-01 |l 0 |o 1946, exp. 2 |p 20769 |r 2016-12-01 00:00:00 |w 2016-12-01 |y ARXIU | ||
| 999 | |c 58216 |d 58216 | ||